|
|
|
|
| LEADER |
00000nam0a2200000 4500 |
| 001 |
140179 |
| 005 |
20231031142001.0 |
| 010 |
|
|
|a 0792368584
|
| 035 |
|
|
|a (RuTPU)RU\TPU\book\151850
|
| 090 |
|
|
|a 140179
|
| 100 |
|
|
|a 20080621d2001 k y0engy50 ba
|
| 101 |
0 |
|
|a eng
|
| 102 |
|
|
|a NL
|
| 105 |
|
|
|a a z 001zy
|
| 200 |
1 |
|
|a Applied Microbiology
|h Vol. 2
|f edited by A. Durieux, J.- P. Simon
|
| 210 |
|
|
|a Dordrecht
|c Kluwer Academic Publishers
|d 2001
|
| 215 |
|
|
|a 275 p.
|c il.
|
| 225 |
1 |
|
|a Focus on Biotechnology
|
| 320 |
|
|
|a Библиография в конце статей
|
| 610 |
1 |
|
|a микробиология
|
| 610 |
1 |
|
|a прикладная микробиология
|
| 610 |
1 |
|
|a технология
|
| 610 |
1 |
|
|a применение
|
| 610 |
1 |
|
|a английский язык
|
| 675 |
|
|
|a 663
|v 3
|
| 675 |
|
|
|a 579
|v 3
|
| 702 |
|
1 |
|a Durieux
|b A.
|g Alain
|4 340
|
| 702 |
|
1 |
|a Simon
|b J.- P.
|g Jean-Paul
|4 340
|
| 801 |
|
1 |
|a RU
|b 63413507
|c 20080621
|g PSBO
|
| 801 |
|
2 |
|a RU
|b 63413507
|c 20080626
|g PSBO
|
| 942 |
|
|
|c BK
|